Normal view
MARC view
- SMALL BUSINESS. , BUSINESS ENTERPRISES. ., MANAGEMENT OF SMES
Entry Topical Term
001 - CONTROL NUMBER
- control field: 64067
003 - CONTROL NUMBER IDENTIFIER
- control field: NUST
005 - DATE AND TIME OF LATEST TRANSACTION
- control field: 20210628203222.0
008 - FIXED-LENGTH DATA ELEMENTS
- fixed length control field: 210628|| aca||aabn | a|a d
040 ## - CATALOGING SOURCE
- Original cataloging agency: NUST
- Transcribing agency: NUST
150 ## - HEADING--TOPICAL TERM
- Topical term or geographic name entry element: SMALL BUSINESS. , BUSINESS ENTERPRISES. ., MANAGEMENT OF SMES
670 ## - SOURCE DATA FOUND
- Source citation: Work cat.: (NUST): Aut University 64066, Management of smes, 2008
